| 000 | 00322nam a22001217a 4500 | ||
|---|---|---|---|
| 040 | _cSCME | ||
| 100 |
_aMartin, Boxman _9113248 |
||
| 245 | _aHandbook of vacuum arc science and technology fundamentals and applications | ||
| 250 | _a1st. | ||
| 260 |
_aWilliam andrew _bindia _c2004 |
||
| 300 | _a742p. | ||
| 942 |
_2ddc _cBK |
||
| 999 |
_c595000 _d595000 |
||